[Event "14th HZ Open"]
[Site "Vlissingen NED"]
[Date "2010.08.14"]
[Round "9"]
[White "Afek,Y"]
[Black "Eng,A"]
[Result "1-0"]
[WhiteElo "2310"]
[BlackElo "2086"]
[EventDate "2010.08.07"]

1. e4 c5 2. Nf3 e6 3. c3 Nf6 4. e5 Nd5 5. Bc4 Nb6 6. Be2 d6 7. O-O dxe5 8.
Nxe5 Bd6 9. d4 O-O 10. Bd3 N8d7 11. Re1 Qc7 12. Qh5 g6 13. Qe2 Re8 14. Bh6
Bf8 15. Bxf8 Nxf8 16. dxc5 Qxc5 17. Nd2 Nbd7 18. Nec4 f5 19. Rad1 b6 20.
Qf3 Ba6 21. Qg3 Nf6 22. Nb3 Qe7 23. Nd4 Bxc4 24. Bxc4 Nh5 25. Qe5 Ng7 26.
f4 Rac8 27. Bb3 Qc5 28. Qxc5 Rxc5 29. Rd2 Kf7 30. Rde2 Kf6 31. Nf3 Rd8 32.
Nd4 Rd6 33. g3 a6 34. a4 Rc8 35. Bc2 g5 36. fxg5+ Kxg5 37. Bd3 a5 38. Bc2
Kf6 39. Bb3 Re8 40. g4 f4 41. h4 h6 42. Re4 e5 43. Nf3 Nd7 44. Bc4 Nc5 45.
Rxe5 Rxe5 46. Rxe5 Nxa4 47. Re4 Nxb2 48. Rxf4+ Ke7 49. Rf7+ Kd8 50. Bb5 Ne8
51. Nd4 Nc7 52. Nc6+ Rxc6 53. Bxc6 a4 54. Bxa4 Nxa4 55. g5 hxg5 56. h5 Ne6
57. h6 Ke8 58. Ra7 Nf8 59. Rxa4 Kf7 60. Ra6 1-0

[Event "14th HZ Open"]
[Site "Vlissingen NED"]
[Date "2010.08.14"]
[Round "9"]
[White "Hoolt,S"]
[Black "Wittenberg,A"]
[Result "1/2-1/2"]
[WhiteElo "2245"]
[BlackElo "2143"]
[EventDate "2010.08.07"]

1. e4 e6 2. d4 d5 3. Nc3 Nc6 4. Bb5 dxe4 5. Nxe4 Qd5 6. Qe2 a6 7. Bxc6+
Qxc6 8. Nf3 Nf6 9. Ng3 b6 10. Bg5 Bb4+ 11. c3 Bxc3+ 12. bxc3 Qxc3+ 13. Qd2
Qxa1+ 14. Ke2 Ne4 15. Nxe4 Qxh1 16. Qb4 f6 17. Nxf6+ gxf6 18. Bxf6 c5 19.
dxc5 Rf8 20. Qxb6 Rxf6 21. Qc6+ Ke7 22. Qd6+ Kf7 23. Ne5+ Kg8 24. Qd8+ Rf8
25. Qg5+ Kh8 26. Ng6+ 1/2-1/2

[Event "14th HZ Open"]
[Site "Vlissingen NED"]
[Date "2010.08.14"]
[Round "9"]
[White "Van Veen,O"]
[Black "Haast,A"]
[Result "0-1"]
[WhiteElo "2199"]
[BlackElo "2240"]
[EventDate "2010.08.07"]

1. e4 e5 2. Nf3 Nc6 3. d4 exd4 4. Nxd4 Nf6 5. Nxc6 bxc6 6. e5 Qe7 7. Qe2
Nd5 8. c4 Ba6 9. b3 g6 10. f4 Bg7 11. Qd2 Nxf4 0-1

[Event "14th HZ Open"]
[Site "Vlissingen NED"]
[Date "2010.08.14"]
[Round "9"]
[White "Grochal,J"]
[Black "Bezemer,A"]
[Result "0-1"]
[WhiteElo "2124"]
[BlackElo "2322"]
[EventDate "2010.08.07"]

1. e4 c5 2. Nf3 d6 3. d4 cxd4 4. Nxd4 Nf6 5. Nc3 a6 6. Be3 e5 7. Nb3 Be6 8.
f3 h5 9. Qd2 Nbd7 10. Qf2 Rc8 11. a4 d5 12. exd5 Nxd5 13. Nxd5 Bxd5 14. Bd3
Bb4+ 15. Nd2 Be6 16. c3 Be7 17. O-O Nc5 18. Bc2 Nd3 19. Bxd3 Qxd3 20. Ne4
Qd5 21. Rfd1 Qc6 22. b4 f5 23. Nc5 f4 24. Nxe6 Qxe6 25. Bc5 O-O 26. Bxe7
Qxe7 27. Rd3 Rc7 28. Qa2+ Qf7 29. Qxf7+ Kxf7 30. a5 Rfc8 31. Ra3 Ke6 32.
Kf2 g5 33. Rb3 g4 34. Ke2 Kf5 35. b5 gxf3+ 36. gxf3 axb5 37. Rxb5 Rxc3 38.
Rxb7 Rc2+ 39. Rd2 R8c3 40. Rxc2 Rxc2+ 41. Kf1 Rxh2 42. a6 Ra2 43. Ra7 Kg5
44. Rg7+ Kf6 45. Ra7 e4 46. fxe4 Ke5 47. Rf7 Kxe4 48. a7 Kf3 49. Ke1 Ra1+
50. Kd2 Kg3 51. Ke2 Ra2+ 52. Ke1 h4 53. Rd7 Kf3 54. Rh7 Ra1+ 55. Kd2 Kg3
56. Ke2 f3+ 57. Ke3 Ra3+ 58. Kd2 h3 59. Rf7 Kf2 60. Rh7 Ra2+ 61. Kd1 Kg2
62. Rg7+ Kf1 63. Rh7 f2 64. Rf7 h2 65. Rh7 Rxa7 66. Rxh2 Rd7+ 67. Kc2 Ke1
68. Rh6 Rc7+ 69. Kb2 f1=Q 70. Rd6 Qe2+ 0-1

[Event "14th HZ Open"]
[Site "Vlissingen NED"]
[Date "2010.08.14"]
[Round "9"]
[White "Sandu,Mi"]
[Black "Go,B"]
[Result "1/2-1/2"]
[WhiteElo "2261"]
[BlackElo "2128"]
[EventDate "2010.08.07"]

1. e4 Nf6 2. Nc3 e5 3. g3 Nc6 4. Bg2 Be7 5. Nge2 O-O 6. d4 exd4 7. Nxd4 Re8
8. O-O Bb4 9. Nd5 Nxd5 10. exd5 Nxd4 11. Qxd4 Be7 12. c3 d6 13. Bd2 Bf6 14.
Qb4 a5 15. Qb3 Bd7 16. a4 Rb8 17. Rfe1 Be5 18. f4 Bf6 19. Rxe8+ Qxe8 20.
Re1 Qf8 21. Qc4 c5 22. dxc6 bxc6 23. b4 d5 24. Qe2 1/2-1/2

[Event "14th HZ Open"]
[Site "Vlissingen NED"]
[Date "2010.08.14"]
[Round "9"]
[White "Rademakers,M"]
[Black "Heltzel,J"]
[Result "1/2-1/2"]
[WhiteElo "2041"]
[BlackElo "2250"]
[EventDate "2010.08.07"]

1. d4 Nf6 2. c4 e5 3. dxe5 Ng4 4. Nf3 Nc6 5. Nc3 Ngxe5 6. Nxe5 Nxe5 7. e3
g6 8. b3 Bg7 9. Bb2 O-O 10. Be2 d6 11. O-O f5 12. f4 Nd7 13. Bf3 a5 14. a3
Re8 15. Re1 Nc5 16. Rb1 c6 17. b4 axb4 18. axb4 Ne6 19. b5 Qd7 20. Na4 Qc7
1/2-1/2

[Event "14th HZ Open"]
[Site "Vlissingen NED"]
[Date "2010.08.14"]
[Round "9"]
[White "Nijs,N"]
[Black "Van Overdam,Ju"]
[Result "1/2-1/2"]
[WhiteElo "2250"]
[BlackElo "2102"]
[EventDate "2010.08.07"]

1. d4 Nf6 2. c4 e5 3. dxe5 Ng4 4. Nf3 Bc5 5. e3 Nc6 6. Nc3 O-O 7. Be2 Ngxe5
8. Nxe5 Nxe5 9. O-O Re8 10. b3 a5 11. Na4 Bf8 12. f4 Ng6 13. Qd3 b6 14. Bf3
Rb8 15. Rd1 Be7 16. Nc3 Bf6 17. g3 d6 18. Bb2 Nf8 19. Re1 Ne6 20. Rad1 Nc5
21. Qc2 Bb7 22. Bxb7 Rxb7 23. e4 Qc8 24. Rd5 Qe6 25. Re2 Bxc3 26. Qxc3 f6
27. Qc2 c6 28. Rd4 Rbe7 29. f5 Qd7 30. Ba3 Qc7 31. Bxc5 dxc5 32. Rd1 Re5
33. Qd3 Qe7 34. Qd6 Rxe4 35. Qxe7 R4xe7 36. Rxe7 Rxe7 37. Rd8+ Kf7 38. Rb8
Re1+ 39. Kf2 Ra1 40. Rb7+ Kf8 41. a4 Ra2+ 42. Kf3 Rxh2 43. Rxb6 Rb2 44. Ke4
h5 45. Rxc6 Rxb3 46. Rxc5 Rxg3 47. Rxa5 h4 48. Ra8+ Ke7 49. Rh8 Kd6 50.
Rxh4 Ra3 51. Kd4 Rxa4 52. Re4 Kd7 53. Rg4 Ra5 54. Rxg7+ Kd6 55. c5+ Rxc5
56. Rd7+ Kxd7 57. Kxc5 Kc7 58. Kd5 1/2-1/2

[Event "14th HZ Open"]
[Site "Vlissingen NED"]
[Date "2010.08.14"]
[Round "9"]
[White "In 't Veld,D"]
[Black "Foo,Be"]
[Result "0-1"]
[WhiteElo "2205"]
[BlackElo "2112"]
[EventDate "2010.08.07"]

1. e4 g6 2. d4 Bg7 3. Nf3 d6 4. h3 Nf6 5. Nc3 O-O 6. Bc4 Nc6 7. d5 Ne5 8.
Nxe5 dxe5 9. O-O Ne8 10. Qe2 Nd6 11. Bb3 a5 12. a4 b6 13. Nb5 f5 14. exf5
gxf5 15. Bd2 f4 16. f3 Rf5 17. c4 Rh5 18. c5 bxc5 19. Rac1 Nxb5 20. Qxb5
Ba6 21. Qxc5 Kh8 22. Rfe1 e6 23. Qc6 Rb8 24. Qxa6 exd5 25. Qd3 Qg5 26. Bxd5
Rxh3 27. Be6 Rg3 28. Re2 Rd8 29. Qf5 Qh6 30. Rxc7 Rg5 31. Qh3 Rh5 32. Qg4
Rh1+ 33. Kf2 Bf6 34. Bxf4 exf4 35. Rxh7+ Kxh7 36. Bf5+ Kh8 37. Rc2 Bh4+ 38.
g3 Bxg3+ 39. Kg2 Qh2+ 0-1

[Event "14th HZ Open"]
[Site "Vlissingen NED"]
[Date "2010.08.14"]
[Round "9"]
[White "Kuling,L"]
[Black "Zomer,K"]
[Result "1/2-1/2"]
[WhiteElo "2208"]
[BlackElo "2061"]
[EventDate "2010.08.07"]

1. e4 c5 2. Nf3 Nf6 3. e5 Nd5 4. Nc3 e6 5. Ne4 Nc6 6. b3 f5 7. Nc3 Nde7 8.
Bb2 a6 9. Ne2 Qc7 10. Nf4 g6 11. h4 Rg8 12. Qe2 b6 13. O-O-O a5 1/2-1/2

[Event "14th HZ Open"]
[Site "Vlissingen NED"]
[Date "2010.08.14"]
[Round "9"]
[White "Kahleys,K"]
[Black "Van den Berg,Ad"]
[Result "1/2-1/2"]
[WhiteElo "2071"]
[BlackElo "2207"]
[EventDate "2010.08.07"]

1. d4 c5 2. Nf3 cxd4 3. Nxd4 g6 4. c4 Bg7 5. e4 Nc6 6. Be3 Nf6 7. Nc3 Ng4
8. Qxg4 Nxd4 9. Qd1 Ne6 10. Rc1 d6 11. Be2 Qa5 12. Qd2 Bd7 13. O-O Nc5 14.
f3 Na4 15. Nxa4 Qxd2 16. Bxd2 Bd4+ 17. Kh1 Bxa4 18. b3 Bc6 19. Bc3 Bxc3 20.
Rxc3 b6 21. Kg1 e6 22. Kf2 a5 23. Rd1 Ke7 24. a4 h5 25. Bd3 h4 26. Rcc1 Rh5
27. h3 Rg5 28. Rd2 f5 29. Re1 f4 30. Be2 Rd8 31. Rc1 Rc5 32. Bd3 Rd7 33.
Re1 Kf6 34. Red1 Ke5 35. Bf1 g5 36. Re1 Kf6 37. Red1 Ke7 38. Rd4 d5 39.
exd5 exd5 40. Re1+ Kd8 41. Red1 Kc7 42. R1d2 dxc4 43. Bxc4 Rxd4 44. Rxd4
Re5 45. Rd2 Re3 46. Re2 Rxe2+ 47. Kxe2 Kd6 48. Kd2 Kc5 49. Kc3 Bd7 50. Bd3
b5 51. Bxb5 Bxb5 52. axb5 Kxb5 53. Kd3 Kb4 54. Kc2 Kb5 55. Kd3 1/2-1/2

[Event "14th HZ Open"]
[Site "Vlissingen NED"]
[Date "2010.08.14"]
[Round "9"]
[White "Vermue,Albert"]
[Black "Duchene,R"]
[Result "0-1"]
[WhiteElo "1876"]
[BlackElo "2204"]
[EventDate "2010.08.07"]

1. e4 e6 2. Nf3 d5 3. e5 c5 4. b4 cxb4 5. a3 Qa5 6. Nd4 Nc6 7. Nb3 Qb6 8.
d4 bxa3 9. c3 Bd7 10. Nxa3 Na5 11. Rb1 Ba4 12. Bb5+ Bxb5 13. Nxa5 Qxa5 14.
Nxb5 a6 15. Nd6+ Bxd6 16. exd6 Nf6 17. Rxb7 Qxc3+ 18. Bd2 Qxd4 19. d7+ Nxd7
20. O-O Rb8 21. Rxb8+ Nxb8 22. Qb3 O-O 0-1

[Event "14th HZ Open"]
[Site "Vlissingen NED"]
[Date "2010.08.14"]
[Round "9"]
[White "Smits,S"]
[Black "De Ridder,D"]
[Result "1-0"]
[WhiteElo "2186"]
[BlackElo "1951"]
[EventDate "2010.08.07"]

1. e4 e6 2. d3 d5 3. Qe2 Be7 4. Nf3 Nf6 5. g3 c5 6. Bg2 Nc6 7. e5 Nd7 8. c4
g5 9. cxd5 exd5 10. e6 fxe6 11. Nxg5 Nf6 12. Nxe6 Bxe6 13. Qxe6 Nd4 14. Qe5
Nc2+ 15. Kd1 Nxa1 16. Re1 O-O 17. Qxe7 Rf7 18. Qxd8+ Rxd8 19. Bg5 Rd6 20.
Bxf6 Rfxf6 21. f4 Kf7 22. Nc3 Rh6 23. h4 d4 24. Ne4 Ra6 25. Nxc5 Rxa2 26.
Bd5+ 1-0

[Event "14th HZ Open"]
[Site "Vlissingen NED"]
[Date "2010.08.14"]
[Round "9"]
[White "Provoost,S"]
[Black "Drent,S"]
[Result "1/2-1/2"]
[WhiteElo "2255"]
[BlackElo "2011"]
[EventDate "2010.08.07"]

1. e4 e5 2. Nc3 Nf6 3. g3 c6 4. Nf3 d5 5. Nxe5 Bd6 6. d4 Nxe4 7. Nxe4 dxe4
8. Nc4 Bc7 9. Bg2 O-O 10. O-O Re8 11. Re1 Be6 12. Ne3 f5 13. Nf1 Nd7 14. b3
Nf6 15. Bb2 Qd7 16. Qd2 Rad8 17. Rad1 Qf7 18. Qb4 1/2-1/2

[Event "14th HZ Open"]
[Site "Vlissingen NED"]
[Date "2010.08.14"]
[Round "9"]
[White "Verlinde,T"]
[Black "Colijn,E"]
[Result "1-0"]
[WhiteElo "2235"]
[BlackElo "1994"]
[EventDate "2010.08.07"]

1. e4 c5 2. Nf3 Nc6 3. d3 g6 4. g3 Bg7 5. Bg2 e6 6. O-O Nge7 7. Nbd2 d5 8.
Re1 O-O 9. c3 b6 10. e5 Ba6 11. Nf1 Rc8 12. h4 b5 13. a3 d4 14. N1h2 Qc7
15. cxd4 cxd4 16. Bg5 Nd5 17. Rc1 Qb8 18. Rxc6 Rxc6 19. Nxd4 Rb6 20. Bxd5
exd5 21. Ng4 f5 22. exf6 Bxf6 23. Bxf6 Rbxf6 24. Nxf6+ Rxf6 25. b4 Qb6 26.
Qg4 Qc7 27. Qg5 Qf7 28. h5 Bc8 29. h6 Bd7 30. Re2 a6 31. Kg2 Kf8 32. f3 Bc8
33. Qe5 1-0

[Event "14th HZ Open"]
[Site "Vlissingen NED"]
[Date "2010.08.14"]
[Round "9"]
[White "Van Overdam,Ja"]
[Black "Verduyn,F"]
[Result "1-0"]
[WhiteElo "2037"]
[BlackElo "2195"]
[EventDate "2010.08.07"]

1. e4 d6 2. Nc3 g6 3. f4 Bg7 4. Nf3 a6 5. a4 c5 6. Bc4 Nc6 7. d3 e6 8. O-O
Nge7 9. Ba2 O-O 10. Qe1 Nd4 11. Nxd4 cxd4 12. Ne2 d5 13. e5 Nc6 14. c3 dxc3
15. bxc3 b5 16. Ba3 Re8 17. axb5 axb5 18. Bc5 b4 19. cxb4 Ba6 20. Qd2 f6
21. d4 fxe5 22. fxe5 Qh4 23. Rf2 Bc4 24. g3 Qg4 25. Nc3 Ne7 26. Qd1 Qxd1+
27. Rxd1 Bxa2 28. Rxa2 Rxa2 29. Nxa2 Nf5 30. b5 Rb8 31. Nc3 Bh6 32. Kf2 Ne3
33. Rb1 Nc4 34. Ke2 Kf7 35. Kd3 Ke8 36. Ra1 Bf8 37. Bxf8 Kxf8 38. Ra7 Kg8
39. Kc2 h5 40. Kb3 Ne3 41. Ka4 g5 42. Rc7 h4 43. gxh4 gxh4 44. Ka5 Ra8+ 45.
Kb4 Nc4 46. Kc5 Ra3 47. b6 Nxb6 48. Kxb6 Rb3+ 49. Nb5 Rb2 50. h3 Rh2 51.
Rc3 Kf7 52. Kc6 Kg6 53. Kd6 Kf5 54. Nc7 Rg2 55. Nxe6 Rg3 56. Rc1 Rxh3 57.
Kxd5 Re3 58. Ng7+ Kg4 59. e6 h3 60. Kd6 Re4 61. d5 h2 62. e7 1-0

[Event "14th HZ Open"]
[Site "Vlissingen NED"]
[Date "2010.08.14"]
[Round "9"]
[White "De Wolf,J"]
[Black "Sparreboom,W"]
[Result "1/2-1/2"]
[WhiteElo "2152"]
[BlackElo "1974"]
[EventDate "2010.08.07"]

1. d4 d5 2. Nf3 c6 3. g3 Nf6 4. Bg2 Bf5 5. O-O Nbd7 6. b3 e6 7. Bb2 h6 8.
c4 Be7 9. Nc3 O-O 10. e3 Ne4 11. Nd2 Ndf6 12. Ndxe4 Nxe4 13. Nxe4 Bxe4 14.
Bxe4 dxe4 15. Qc2 f5 16. Rad1 Qc7 17. f3 Bg5 18. Qe2 exf3 19. Rxf3 Rad8 20.
e4 1/2-1/2

[Event "14th HZ Open"]
[Site "Vlissingen NED"]
[Date "2010.08.14"]
[Round "9"]
[White "Meertens,Mart"]
[Black "Onrust,B"]
[Result "1-0"]
[WhiteElo "2133"]
[BlackElo "1972"]
[EventDate "2010.08.07"]

1. e4 e5 2. Nf3 Nf6 3. Nxe5 d6 4. Nf3 Nxe4 5. Nc3 Nxc3 6. dxc3 Be7 7. Be3
Bg4 8. Be2 Nc6 9. h3 Be6 10. Qd2 O-O 11. b3 a5 12. a4 Bf6 13. O-O-O Qe7 14.
Kb1 d5 15. g4 Qa3 16. Nd4 Nxd4 17. cxd4 c6 18. Qc3 Bd7 19. Qc5 Be7 20. Qxa3
Bxa3 21. Ka2 Bd6 22. c4 Be6 23. Bd3 f5 24. g5 f4 25. Bd2 dxc4 26. Bxc4 Bxc4
27. bxc4 Rf5 28. h4 b5 29. Rb1 b4 30. Rbe1 Kf7 31. Re4 h6 32. gxh6 gxh6 33.
Rg1 Re8 34. Rxe8 Kxe8 35. Rg6 Be7 36. Rxh6 Rf6 37. Rh5 Bd8 38. Kb3 Kd7 39.
f3 Bc7 40. d5 c5 41. Rh7+ Kc8 42. Rg7 Be5 43. Rg4 Kb7 44. Kc2 Kc8 45. h5
Rh6 46. Rg5 Bc7 47. Bc1 Rh7 48. Bb2 Kb7 49. Rg7 1-0

[Event "14th HZ Open"]
[Site "Vlissingen NED"]
[Date "2010.08.14"]
[Round "9"]
[White "Hekhuis,J"]
[Black "Dijkstra,A"]
[Result "0-1"]
[WhiteElo "2128"]
[BlackElo "1941"]
[EventDate "2010.08.07"]

1. c4 Nf6 2. g3 c6 3. Bg2 d5 4. cxd5 cxd5 5. d4 Nc6 6. Nf3 Qb6 7. O-O Bg4
8. e3 e6 9. Nc3 Rc8 10. a3 Bd6 11. Na4 Qc7 12. b4 O-O 13. Bb2 b5 14. Nc5 a5
15. Qb3 Ne4 16. Nxe4 dxe4 17. Ng5 Be2 18. Rfc1 Bc4 19. Qc2 f5 20. Bf1 Bxf1
21. Kxf1 Qe7 22. Qb3 Rfe8 23. d5 Nxb4 24. Nxe6 a4 25. Qd1 Nd3 26. Rxc8 Rxc8
27. Bxg7 Qb7 28. Qh5 Qxd5 29. Qh6 Be5 30. Bf6 Bxf6 31. Qxf6 Qe5 32. Qxe5
Nxe5 33. Nd4 Nd3 34. Rb1 Rc3 35. Nxb5 Rc2 36. Kg1 Nxf2 37. Rb4 Ng4 38. Rxa4
Nxe3 39. Nd4 Rg2+ 40. Kh1 Rd2 41. Kg1 Kf7 42. Nxf5 Nxf5 43. Rxe4 Ra2 44. a4
Kf6 45. Rb4 Kg5 46. h3 Kf6 47. Rb7 h6 48. g4 Nh4 49. Rb6+ Kg5 50. Kf1 Nf3
51. Rb4 Kh4 52. g5+ Kxg5 53. Rg4+ Kh5 54. Rb4 Ng5 55. h4 Nf3 56. a5 Rxa5
57. Kf2 Nxh4 58. Kg3 Rg5+ 59. Kh3 Ng6 60. Ra4 Rb5 61. Rc4 Kg5 62. Rg4+ Kf5
63. Ra4 h5 64. Rc4 Rb3+ 65. Kh2 Nf4 66. Rc8 Kg4 67. Rg8+ Kh4 68. Rf8 Rb2+
69. Kg1 Nh3+ 70. Kh1 Ng5 71. Kg1 Kg4 72. Rg8 h4 73. Rg7 h3 74. Rg8 Kh4 75.
Rg7 Nf3+ 76. Kf1 Nh2+ 77. Kg1 Ng4 0-1

[Event "14th HZ Open"]
[Site "Vlissingen NED"]
[Date "2010.08.14"]
[Round "9"]
[White "Rosmuller,A"]
[Black "Burg,H"]
[Result "1-0"]
[WhiteElo "2117"]
[BlackElo "1935"]
[EventDate "2010.08.07"]

1. d4 Nf6 2. c4 d5 3. cxd5 Qxd5 4. Nc3 Qd8 5. e4 e6 6. Nf3 c6 7. Bd3 Be7 8.
O-O O-O 9. Qe2 Nbd7 10. Bg5 c5 11. e5 Nd5 12. Bxe7 Qxe7 13. Qe4 g6 14. Rad1
Nxc3 15. bxc3 cxd4 16. cxd4 Nb6 17. Rfe1 Nd5 18. Rc1 Bd7 19. Qg4 Bc6 20.
Ng5 h5 21. Qg3 Rfd8 22. Ne4 Kg7 23. Nd6 Nb4 24. Bb1 Bd5 25. a3 Nc6 26. Rcd1
Rd7 27. f4 Rxd6 28. f5 exf5 29. exd6 Qd7 30. Rf1 Rd8 31. Rxf5 Qxd6 32. Rf4
a6 33. h4 Na5 34. Qg5 Re8 35. Rf2 Nc6 36. Rf4 Bb3 37. Qg3 Qe6 38. Re4 Qd7
39. Qxb3 Rxe4 40. Bxe4 1-0

[Event "14th HZ Open"]
[Site "Vlissingen NED"]
[Date "2010.08.14"]
[Round "9"]
[White "Warnk,T"]
[Black "Stange,S"]
[Result "1/2-1/2"]
[WhiteElo "1939"]
[BlackElo "2116"]
[EventDate "2010.08.07"]

1. d4 Nf6 2. Nf3 e6 3. c4 b6 4. g3 Ba6 5. Qc2 Be7 6. Bg2 O-O 7. O-O c6 8.
Re1 d5 9. b3 Nbd7 10. Bb2 Ne4 11. Nbd2 f5 12. Nxe4 1/2-1/2

[Event "14th HZ Open"]
[Site "Vlissingen NED"]
[Date "2010.08.14"]
[Round "9"]
[White "Van de Wynkele,E"]
[Black "Swijsen,L"]
[Result "0-1"]
[WhiteElo "2113"]
[BlackElo "1922"]
[EventDate "2010.08.07"]

1. e4 e6 2. d4 d5 3. Nc3 Bb4 4. e5 Ne7 5. a3 Bxc3+ 6. bxc3 c5 7. Qg4 Qc7 8.
Qxg7 Rg8 9. Qxh7 cxd4 10. Ne2 Nbc6 11. f4 Bd7 12. Qd3 dxc3 13. Rb1 O-O-O
14. Qxc3 Nf5 15. Rg1 d4 16. Qd3 Rg7 17. g4 Nh4 18. Rg3 Kb8 19. Qe4 Bc8 20.
Bd2 b6 21. Bb4 Nxb4 22. Rxb4 Bb7 23. Qd3 Rdg8 24. Rxd4 Rxg4 25. Rxg4 Rxg4
26. Rd8+ Bc8 27. Bh3 Rg7 28. Nd4 Ng2+ 29. Bxg2 Rxg2 30. Qe4 Qc3+ 31. Kf1
Rxh2 32. Nb5 Qa1+ 33. Rd1 Qxd1+ 0-1

[Event "14th HZ Open"]
[Site "Vlissingen NED"]
[Date "2010.08.14"]
[Round "9"]
[White "Oosterom,E"]
[Black "Mundorf,J"]
[Result "1/2-1/2"]
[WhiteElo "2109"]
[BlackElo "1903"]
[EventDate "2010.08.07"]

1. d4 e6 2. c4 d5 3. Nf3 Nf6 4. Nc3 Nbd7 5. Bg5 Be7 6. e3 O-O 7. Rc1 dxc4
8. Bxc4 a6 9. a4 c5 10. O-O cxd4 11. exd4 Nb6 12. Bb3 Bd7 13. Qe2 Bc6 14.
Ne5 Nbd5 15. Nxc6 bxc6 16. Bc4 Qb6 17. Rfd1 Qa5 18. Bd2 Qb6 19. Be1 Rfb8
20. b3 Bb4 21. Ne4 Nxe4 22. Qxe4 Nf6 23. Qe3 Rd8 24. Bxb4 Qxb4 25. h3 a5
26. Rd3 Rd7 27. Rcd1 Rad8 28. Qe5 Qb6 29. R1d2 Qc7 30. Qe3 h6 31. Rd1 Nd5
32. Qe4 Nb6 33. Rg3 Nxc4 34. bxc4 Qb6 35. c5 Qc7 36. Rb3 e5 37. Rbd3 exd4
38. Rxd4 Rxd4 39. Rxd4 Rxd4 40. Qxd4 Qb8 41. Qe4 Qc8 42. h4 Qe6 43. Qd4 Qe7
44. g3 h5 45. Kg2 g6 46. Kf1 Kh7 47. Kg2 Kg8 48. Kf3 g5 49. hxg5 Qxg5 50.
Kg2 h4 51. Qxh4 1/2-1/2

[Event "14th HZ Open"]
[Site "Vlissingen NED"]
[Date "2010.08.14"]
[Round "9"]
[White "Westerman,H"]
[Black "In 't Veld,R"]
[Result "1/2-1/2"]
[WhiteElo "1912"]
[BlackElo "2097"]
[EventDate "2010.08.07"]

1. c4 e5 2. g3 h5 3. h4 Nf6 4. Bg2 Be7 5. Nc3 c6 6. d4 exd4 7. Qxd4 Qb6 8.
Qxb6 axb6 9. Nf3 Bb4 10. Bd2 O-O 11. O-O Re8 12. Rfe1 Ng4 13. a3 Bc5 14. e3
Bf8 15. Rad1 d6 16. Bc1 Be6 17. b3 Nd7 18. Nd4 Nc5 19. Nxe6 Rxe6 20. b4 Nb3
21. b5 Nxc1 22. Rxc1 Rxa3 23. bxc6 bxc6 24. Bxc6 Ne5 25. Nb5 Ra2 26. Bd5
Rf6 27. f4 Nd3 28. Ra1 Rc2 29. Red1 Nf2 30. Nd4 Nh3+ 31. Kh1 Nf2+ 32. Kg1
Nh3+ 33. Kh1 Nf2+ 1/2-1/2

[Event "14th HZ Open"]
[Site "Vlissingen NED"]
[Date "2010.08.14"]
[Round "9"]
[White "Bottema,M"]
[Black "Niewenhuis,R"]
[Result "1-0"]
[WhiteElo "2076"]
[BlackElo "1898"]
[EventDate "2010.08.07"]

1. d4 Nf6 2. c4 e6 3. Nc3 b6 4. e4 Bb4 5. Bd3 Bb7 6. Qe2 d6 7. Nf3 Nbd7 8.
O-O Bxc3 9. bxc3 c5 10. Bg5 e5 11. d5 h6 12. Bd2 g5 13. Ne1 Nf8 14. Bc2 Ng6
15. Ba4+ Kf8 16. g3 Qe7 17. Ng2 Bc8 18. Ne3 Nxe4 19. Bc2 Nxd2 20. Qxd2 Bh3
21. Bxg6 Bxf1 22. Bf5 Bxc4 23. Nxc4 b5 24. Ne3 Rb8 25. Rb1 Qc7 26. Qe2 Qa5
27. Nc4 Qc7 28. Ne3 Qa5 29. Qf3 Qd8 30. Bg6 Qe7 31. Bd3 b4 32. Nf5 Qf6 33.
cxb4 cxb4 34. a3 a5 35. axb4 axb4 36. Qe4 b3 37. Qc4 e4 38. Rxb3 Re8 39.
Bxe4 Qe5 40. Re3 Qf6 41. Bd3 Rd8 42. Qc7 h5 43. Re7 Re8 44. Rxe8+ Kxe8 45.
Qc8+ Qd8 46. Bb5+ 1-0

[Event "14th HZ Open"]
[Site "Vlissingen NED"]
[Date "2010.08.14"]
[Round "9"]
[White "Stange,W"]
[Black "De Vleeschauwer,M"]
[Result "1-0"]
[WhiteElo "2072"]
[BlackElo "1846"]
[EventDate "2010.08.07"]

1. d4 e6 2. c4 d5 3. Nc3 Nf6 4. cxd5 exd5 5. Bg5 Nbd7 6. e3 Be7 7. Bd3 c6
8. Qc2 Ng4 9. Bf4 Bg5 10. Bxg5 Qxg5 11. Nf3 Qh5 12. O-O-O Nh6 13. Ne2 Qg4
14. Nf4 Nf8 15. Rhe1 Ng6 16. h3 Qd7 17. g4 O-O 18. Ne5 Qd6 19. g5 Nxf4 20.
Bxh7+ Kh8 21. exf4 f5 22. Bg6 1-0

[Event "14th HZ Open"]
[Site "Vlissingen NED"]
[Date "2010.08.14"]
[Round "9"]
[White "Van der Borgt,P"]
[Black "De Vleeschauwer,R"]
[Result "1-0"]
[WhiteElo "2059"]
[BlackElo "1775"]
[EventDate "2010.08.07"]

1. e4 e6 2. d4 d5 3. exd5 exd5 4. Nf3 Bd6 5. c4 Ne7 6. c5 Nf5 7. cxd6 Qxd6
8. Be2 Nc6 9. Nc3 O-O 10. O-O a6 11. Be3 f6 12. Qb3 Be6 13. Bd3 Nfe7 14.
Rfe1 Bg4 15. Nd2 h5 16. Nde4 Qd8 17. Nc5 b6 18. Nxa6 Na5 19. Qc2 c5 20.
dxc5 Nec6 21. b4 d4 22. bxa5 dxc3 23. axb6 Kh8 24. Rab1 Ne5 25. Bf1 Qd5 26.
Nc7 Qb7 27. f3 Bxf3 28. Nxa8 Be4 29. Qxc3 Bxb1 30. Rxb1 Rxa8 31. Bd4 Nc6
32. Bxf6 Rg8 33. Bd4 Kh7 34. Bc4 Nxd4 35. Bxg8+ 1-0